00391nam a2200157 a 450000100060000000300090000600800410001502000150005604000280007108200180009910000190011724500230013626000410015930000110020065000220021120070CO-ViMGA141112s2004 ck r 000 u spa d a9587040724 aCO-ViMGAbspacCO-ViMGA aCo863.6 P173c1 aParedes, Julio10aLa Celda Sumergida aBogotá : bEditora Aguilar, c2003 a195 p.14aNOVELA COLOMBIANA